Vista normal
Vista MARC
- Stanton, Philip,
Entrada Nombre Personal
Número de registros utilizados en: 5
001 - NUMERO DE CONTROL
- campo de control: 35652
003 - IDENTIFICADOR DE NUMERO DE CONTROL
- campo de control: UPN
005 - FECHA Y HORA DE LA ÜLTIMA TRANSACCIÓN
- campo de control: 20210219194505.0
008 - DATOS DE LONGITUD FIJA
- campo de control de longitud fija: nabaccnnaabn|||||||||| b |nc|||||d
035 ## - NUMERO DE CONTROL
- Número de control: UPN11000007759
040 ## - FUENTE DE CATALOGACIÓN
- Lenguaje de catalogación: SPA
- Agencia de transcripción: UPN
100 1# - ENCABEZAMIENTO - NOMBRE PERSONAL
- Nombre personal: Stanton, Philip,
- Fechas asociadas con el nombre: 1962-
670 ## - FUENTE EN LA QUE SE LOCALIZARON DATOS
- Cita de la fuente: T
- Información localizada: Wikipedia
680 ## - NOTA PUBLICA DE ACCESO PÚBLICO
- Frase explicativa de la referencia: Es un artista y autor estadounidense y director del grupo de diseño Stanton Studio. Desde Barcelona (España), crea proyectos visuales en múltiples disciplinas. Como ilustrador, diseñador o pintor su obra incluye proyectos urbanos de gran formato, libros infantiles, escenografías o campañas publicitarias
902 ## - CATALOGADOR
- Catalogador: MCM/250814